Sports Quiz

Random Sports or Soccer Quiz
Score 0/31 Timer 05:00
29 Plays Today
Year Nation % Correct
2018Croatia
92.4%
2018Belgium
92%
1974Netherlands
89.2%
1978Netherlands
89.2%
1998Netherlands
89.2%
2010Netherlands
89.2%
2014Netherlands
89.2%
1930United States
87.9%
1986Belgium
87.3%
1966Portugal
86.6%
2006Portugal
86.6%
1938Sweden
85.7%
1950Sweden
85.7%
1994Sweden
85.7%
1958Sweden
85.7%
1998Croatia
84%
Year Nation % Correct
1966USSR
83.9%
2002South Korea
81.5%
1962Chile
75.5%
2002Turkey
71.2%
1938Hungary
70.9%
1954Hungary
70.9%
1974Poland
70.8%
1982Poland
70.8%
1930Yugoslavia
66.3%
1962Yugoslavia
66.3%
1934Austria
63.1%
1954Austria
63%
1962Czechoslovakia
62.6%
1934Czechoslovakia
62.3%
1994Bulgaria
56.8%
Come Together.
Have Fun.
All Virtual.
We all need to come together. Play Sporcle's virtual live trivia to have fun, connect with people, and get your trivia on. Join a live hosted trivia game for your favorite pub trivia experience done virtually. If a virtual private party is more your thing, go here for details.

You're not logged in!

Compare scores with friends on all Sporcle quizzes.
OR
Log In

Sporcle TV

Today on Sporcle TV


Watch our educational content, quiz creation guides, and fun videos on Sporcle TV.

Show Comments

Extras

Top Quizzes Today


Score Distribution

Paid Content

Your Account Isn't Verified!

In order to create a playlist on Sporcle, you need to verify the email address you used during registration. Go to your Sporcle Settings to finish the process.

Report this User

Report this user for behavior that violates our Community Guidelines.

Details: